Yurt Partisi programı (Record no. 2308)

MARC details
000 -BAŞLIK
Sabit Uzunlukta Kontrol Alanı 00754na a2200265 4500
001 - KONTROL NUMARASI
Denetim Alanı 21053
003 - KONTROL NUMARASI IDENTIFIER
Denetim Alanı MIRAKIL
005 - SON İŞLEM TARİHİ VE ZAMANI
Denetim Alanı 20181213154852.0
008 - SABİT-BOY VERİ ELEMANLARI - GENEL BİLGİLER
Sabit Uzunlukta Kontrol Alanı 170130b tu 000 0
035 ## - SİSTEM KONTROL NUMARASI
Sistem Kontrol Numarası 21053
040 ## - KATALOGLAMA KAYNAK
Orijinal Kataloglama Ajansı Milas
Kataloglama Dili tur
Metne Dönüştürmek Ajansı TR-AnCHP
041 ## - DİL KODU
Metin / Ses Parça Veya Ayrı Başlığın Dil Kodu tur
082 ## - DEWEY ONLU SINIFLANDIRMA NUMARASI
Sınıflandırma Numarası 324.2383
Ürün Numarası Y86 [t.y.]
090 ## - SINIFLAMA NUMARASI
Sınıflama Numarası 324.2383 Y86 [t.y.]
110 ## - ANA GİRİŞ - KURUMSAL ADI
Giriş Elemanı Olarak Kurumsal Ad Veya Yargı Alanı Adı Yurt Partisi (YP)
245 ## - BAŞLIK TABLOSU
Başlık Yurt Partisi programı
Sorumluluk Tablosu, Vb Yurt Partisi
260 ## - YAYIN, DAĞITIM, VB
Yayın, Dağıtım, Vb Yeri Ankara
Yayıncı, Dağıtıcı, Vs Adı Yurt Partisi
Yayın, Dağıtım, Vb Tarihi [t.y.]
300 ## - FİZİKSEL TANIM
Kapsam 32 s.
Boyutlar 20 sm.
610 ## - KONU KATMA GİRİŞ - TOPLANTI ADI
Giriş Elemanı Olarak Kurumsal Ad Veya Yargı Alanı Adı Yurt Partisi
Genel Alt Bölüm Programlar, 2002
610 ## - KONU KATMA GİRİŞ - TOPLANTI ADI
Giriş Elemanı Olarak Kurumsal Ad Veya Yargı Alanı Adı Yurt Partisi (YP)
Genel Alt Bölüm Propaganda ve ideolojiler
650 ## - KONU KATMA GİRİŞ - TOPİKAL DÖNEM
Topikal Süreli Veya Coğrafi Ad Giriş Elemanı Siyasal partiler
Genel Alt Bölümü Parti türleri
Kronolojik Alt Bölümü Milliyetçi partiler
Coğrafi Alt Bölümü Türkiye
710 ## - KATMA GİRİŞ - KURUMSAL ADI
Giriş Elemanı Olarak Kurumsal Ad Veya Yargı Alanı Adı Yurt Partisi (YP)
830 ## - SERİSİ EKLENDİ GİRİŞ - ÜNİFORM ADI
Üniforma Başlık YP
942 ## - EKLENDİ GİRİŞ ELEMANLARI (KOHA)
Sınıflandırma Veya Raf Düzeni Kaynak Dewey Decimal Classification
Koha Öğesi Türü Books
999 ## - SİSTEM KONTROL NUMARALARI (KOHA)
Koha Biblionumber 2308
Koha Biblioitemnumber 2308
Holdings
Kalıcı Konum Mevcut Konum Edinme Tarihi Edinim Kaynak Toplam Check-Out'Lar Tam Çağrı Numarası Barkod Tarih Son Görülme İtibaren Geçerli Fiyatlar Koha Öğesi Türü
CHP Kütüphanesi CHP Kütüphanesi 01/30/2017 Bağış   324.2383 Y86 [t.y.] 012735 01/30/2017 01/30/2017 Books